Insegnare in Europa : comparazione di sistemi formativi e pedagogia degli scambi interculturali

Αποθηκεύτηκε σε:
Λεπτομέρειες βιβλιογραφικής εγγραφής
Άλλοι συγγραφείς: Palomba, Donatella, Bertin, Nadia
Μορφή: Βιβλίο
Γλώσσα:Italian
Δημοσίευση: Milano : Franco Angeli, 1993
Θέματα:
Ετικέτες: Προσθήκη ετικέτας
Δεν υπάρχουν, Καταχωρήστε ετικέτα πρώτοι!

MARC

LEADER 00000nam a2200000 i 4500
001 1/100926
008 000204s1993 ita d
020 |a 88-204-7821-8 
035 |l 10057474 
040 |a GR-MY-UA  |b gre  |e aacr 
041 0 |a ita 
082 0 |a 371.27 
245 1 0 |a Insegnare in Europa :  |b comparazione di sistemi formativi e pedagogia degli scambi interculturali /  |c a cura di Donatella Palomba, Nadia Bertin 
260 |a Milano :   |b Franco Angeli,   |c 1993 
300 |a 375 p. 
650 0 0 |a Education  |x Evaluation. 
650 0 0 |a Multicultural education. 
700 0 |a Palomba, Donatella. 
700 0 |a Bertin, Nadia. 
852 |a INST  |b RHODES  |e 20000204  |h 370.1 INS  |p 005400015634  |q 005400015634  |t BK  |y 0 
901 |a BIBL4-2000-1 
909 |a Ρ  |b 053872 
922 |a 4ΕΛΗ  |b 199802  |c 13/ΧΑΤΖΗΓΕΩΡΓΙΟΥ  |d ΠΑΠΑΣΩΤΗΡΙΟΥ 
970 |z 2000/08/ΔΕΜΕΝΑΓΑΣ ΠΕΤΡΟΣ 
970 |a ΚΟΥΛΑΚΙΟΤΗ  |b ΛΙΤΣΑ  |z 2000/02/04